Eastern Utah Libraries Catalog: Duchesne, Heber, Roosevelt, & Vernal

The warriors / (Record no. 227697)

MARC details
000 -LEADER
fixed length control field 01159cam a2200277Ka 4500
001 - CONTROL NUMBER
control field z9mscp b2664728
005 - DATE AND TIME OF LATEST TRANSACTION
control field 20171107125112.0
008 - FIXED-LENGTH DATA ELEMENTS--GENERAL INFORMATION
fixed length control field 060915r20051977nyua 000 1 eng d
020 ## - INTERNATIONAL STANDARD BOOK NUMBER
International Standard Book Number 0451213815
Qualifying information paperback
040 ## - CATALOGING SOURCE
Original cataloging agency ZAB
Language of cataloging eng
Transcribing agency ZAB
Modifying agency OCLCQ
-- E3V
-- DMP
Description conventions rda
043 ## - GEOGRAPHIC AREA CODE
Geographic area code n-us---
092 ## - LOCALLY ASSIGNED DEWEY CALL NUMBER (OCLC)
Classification number paperback
099 ## - LOCAL FREE-TEXT CALL NUMBER (OCLC)
Classification number Fic
100 1# - MAIN ENTRY--PERSONAL NAME
Personal name Jakes, John,
Dates associated with a name 1932-
9 (RLIN) 11723
245 14 - TITLE STATEMENT
Title The warriors /
Statement of responsibility, etc John Jakes.
264 #1 - Production, Publication, Distribution, Manufacture, and Copyright Notice.
Place of production, publication, distribution, manufacture New York :
Name of producer, publisher, distributor, manufacturer Signet,
Date of production, publication, distribution, manufacture, or copyr 2005.
264 #4 - Production, Publication, Distribution, Manufacture, and Copyright Notice.
Date of production, publication, distribution, manufacture, or copyr ©1977.
300 ## - PHYSICAL DESCRIPTION
Extent xiv, 573 pages ;
Dimensions 18 cm.
336 ## - Content Type
Content type term text
337 ## - Media type
Media type term unmediated
338 ## - Carrier type
Carrier type term volume
490 1# - SERIES STATEMENT
Series statement The Kent family chronicles ;
Volume number/sequential designation v. 6.
500 ## - GENERAL NOTE
General note "With a new introduction by the author."
651 #0 - SUBJECT ADDED ENTRY--GEOGRAPHIC NAME
Geographic name United States
General subdivision History
Chronological subdivision Revolution, 1775-1783
Form subdivision Fiction.
9 (RLIN) 5675682
655 #7 - INDEX TERM--GENRE/FORM
Genre/form data or focus term Historical fiction.
Source of term lcgft
9 (RLIN) 102701
655 #7 - INDEX TERM--GENRE/FORM
Genre/form data or focus term Fiction.
Source of term lcgft
9 (RLIN) 5673940
800 1# - SERIES ADDED ENTRY--PERSONAL NAME
Personal name Jakes, John,
Dates associated with a name 1932-
Title of a work Kent family chronicles ;
Volume/sequential designation v. 6.
9 (RLIN) 77597
907 ## - LOCAL DATA ELEMENT G, LDG (RLIN)
a .b28615156x
942 ## - ADDED ENTRY ELEMENTS (KOHA)
Source of classification or shelving scheme Dewey Decimal Classification
Koha item type BOOK
Holdings
Withdrawn status Lost status Source of classification or shelving scheme Damaged status Not for loan Collection code Home library Current library Shelving location Date acquired Source of acquisition Cost, normal purchase price Total Checkouts Total Renewals Full call number Barcode Date last seen Date checked out Cost, replacement price Price effective from Koha item type
    Dewey Decimal Classification     Fiction Wasatch County Library Wasatch County Library First Floor 03/29/2019 Amazon 8.99 2 1 F Jakes 34301001588112 02/16/2024 09/28/2022 8.99 03/20/2020 BOOK
This project was made possible through a grant from the Institute of Museum and Library Service administered by the Utah State Library Division.

Wasatch County Library

  • 465 East 1200 South, Heber City, Utah 84032
  • Phone 435-654-1511 | Fax 435-654-6456

Hours

  • Monday - Friday 9:30 AM - 8:00 PM
  • Saturday 9:30 AM - 1:30 PM
  • Closed Sundays and Holidays